| 000 | 00760nam a2200229 a 4500 | ||
|---|---|---|---|
| 001 | 000011010 | ||
| 005 | 20240412074222.0 | ||
| 008 | 091013s1995 dr 000 p spa d | ||
| 020 | _a9768052279 | ||
| 040 |
_aDO-SdBNP _bspa _cBNPHU |
||
| 082 |
_aRD861.44 _bS456h |
||
| 100 | 1 |
_aSegura, José _d1969- _926449 |
|
| 245 | 1 | 0 |
_aHojas de otoño / _cJosé Segura. |
| 260 |
_aSanto Domingo : _bPunto Creativo, _c1995. |
||
| 300 |
_a110 p. ; _c22 cm. |
||
| 500 | _aIncluye datos biográficos del autor en la contracubierta. | ||
| 590 | _aLa biblioteca posee 2 ejemplares autografiados por el autor. | ||
| 590 | _aInventariado, 2019 / DG | ||
| 650 | 0 |
_aPoesía dominicana _966 |
|
| 650 | 0 |
_aLiteratura dominicana. _967 |
|
| 910 | _aValidado. Control de calidad MFF | ||
| 999 |
_c10748 _d10748 |
||